000 00803nam a2200229 a 4500
008
020 _a1779310013 (pbk.)
049 _aMAIN
050 0 0 _aKQC705
_fAPP
245 0 0 _aApproaches to environmental litigation and advocacy in Southern Africa/
_bIUCN-the world conservation union.
260 _aHarare :
_bIUCN, Regional Office for Southern Africa,
_cc2002.
300 _axii, 132 p. :
_bill. (some col.) ;
_c30 cm.
440 0 _aIUCN-ROSA handbook series ;
_vno. 3.
504 _aIncludes bibliographical references.
650 0 _aEnvironmental law
_zAfrica, Southern.
710 2 _aIUCN Regional Office for Southern Africa.
907 _a.b1016067x
_b13-01-06
_c23-03-05
003
005 20230123134011.0
040 _cNUST
942 _cBOOKS
999 _c158278
_d158278